00533nam a2200169Ia 450000500170000000800410001702000150005808200130007310000200008624500520010626000280015830000130018650000480019994200060024795200950025399900150034820250613035055.0240331s9999 xx 000 0 und d a9559668005 bGUNa306 aGunarathna, D.K 0aPruthuvikaranaya saha hejamaniye nawa swarupaya aPanadurabX Groupc1999 a132 p ., aA book on Globalization : forms of Hegemony cL 001040708LaWERCLbWERCLcSSCd2024-03-31l0o 306 GUNp5462r2024-03-31w2024-03-31yL c2092d2092